1672 1168 1460 1708 1119 1645 1765 1289 1567 1819 1478 1085 1422 1902 1438 1738 1831 1317 1721 1897 1528 1631 1509 1774 1978 1708 1999 1703 1758 1802 1719 1306 1445 1840 1647 1005 1278 1467 1556 1865 1833 1989 1365 1252 1296 1318 1593 1564 1247 1203 1140 1068 1844 1207 1776 1934 1645 1440 1615 1133 1746 1925 1076 1375 1893 1217 1787 1451 1821 1031 1730 1205 1889 1384 1337 1413 1970 1421 1827 1368 1375 1752 1871 1793 1861 1288 1790 1965 1139 1181 1867 1559 1933 1882 1776 1479 1836 1313 1433 BCNSPRNW ULIB Ver.6.0+V

เปลี่ยนเป็นภาษาไทย

Change to English
 แสดงรายละเอียดบรรณานุกรม
  กลับหน้าหลัก

Brief Record : Get Marc (ISO 2709) : E-mail record : QR code < ปิดหน้าต่าง
LEADER : 00000nam 2200000uu 4500
001    13399121180
003     ULIB
008    121108s||||||||th 000 0 tha d
050  4 ^aLB1027^bส816ส มปป.
100 0  ^aสุนันทา สุนทรประเสริฐ
245 10 ^aสอนง่าย เรียนสบาย มีความสุขสนุกกับโครงงาน /^cสุนันทา สุนทรประเสริฐ
260    ^aชัยนาท :^bชมรมพัฒนาความรู้ด้านระเบียบกฎหมาย,^cมปป.
300    ^a69 หน้า
650  7 ^aโครงงาน^xการสอน
945    ^p0^l0^i16627
995    ^aวิภา
999 ^a ทศพร
รายการนี้ยังไม่มีแท็ก
คุณยังไม่ได้ล็อกอิน คุณสามารถมีกิจกรรมร่วมกับเว็บไซต์ได้ แต่ต้องล็อกอินก่อน ::
  ล็อกอิน

รายการสื่อสารสนเทศ

ลำดับที่ ประเภท เลขเรียก/บาร์โค้ด สถานที่ สถานะ
- ไม่พบข้อมูล -

รายการใกล้เคียง
    ผู้แต่ง [สุนันทา สุนทรประเสริฐ]

BibComment


ยังไม่เคยถูกคอมเมนท์

คอมเมนท์ทรัพยากรรายการนี้
  คอมเมนท์: สอนง่าย เรียนสบา..


 Copyright 2026. Bcnsprnw @Library